Recommended practice for sports and recreational area lighting
Guardado en:
| Autores Corporativos: | , |
|---|---|
| Formato: | Libro |
| Lenguaje: | inglés |
| Publicado: |
Nueva York
Illuminating Engineering Society of North America
2001
|
| Materias: | |
| Etiquetas: |
Agregar Etiqueta
Sin Etiquetas, Sea el primero en etiquetar este registro!
|
MARC
| LEADER | 00000nam a2200000 a 4500 | ||
|---|---|---|---|
| 001 | UCI1607 | ||
| 003 | CL-VaPUC | ||
| 005 | 20230125115419.0 | ||
| 008 | 070706e20010000US |||||||||||||||||eng|d | ||
| 999 | |c 326389 |d 326387 | ||
| 020 | |a 087995177X | ||
| 040 | |c Pontificia Universidad Católica de Valparaíso | ||
| 082 | 0 | 4 | |a 795.32 |b IES |2 21 |
| 110 | 2 | |a IESNA Sport and Recreational Areas Lighting Committee |e author |9 522216 | |
| 245 | 1 | 0 | |a Recommended practice for sports and recreational area lighting |
| 260 | |a Nueva York |b Illuminating Engineering Society of North America |c 2001 | ||
| 300 | |a 92 p | ||
| 583 | |a last modification |c 20070706 00:00:00 |k Rodrigo Vera | ||
| 650 | 7 | |a INSTALACIONES DEPORTIVAS |2 CL-VaPUC |9 522218 | |
| 650 | 0 | |a Gimnasio |9 341520 | |
| 650 | 0 | |a Centros deportivos |9 341519 | |
| 650 | 0 | |a Iluminación |9 340311 | |
| 710 | 2 | |a Illuminating Engineering Society of North America |e author |9 522217 | |
| 852 | |a BIBCUR | ||
| 942 | |c BK |2 ddc | ||
| 945 | |d 20070706 00:00:00 |a jtorresc | ||
| 952 | |0 0 |1 0 |4 0 |6 795_320000000000000_IES_2001 |7 0 |8 A |9 408255 |a BIBING |b BIBING |d 2019-11-22 |i 4350723 |o 795.32 IES 2001 |p 4350723 |r 2025-01-20 |w 2019-11-22 |y BK |k EIE | ||